Estaciones de Tram de Alicante - Estadísticas

Estadísticas generales
  • Esta prueba ha sido intentada 253 veces
  • La puntuación promedio es 24 de 66
Estadísticas de respuestas
Línea Nombre % Correcto
1 2 3 4 Luceros
96%
1 2 3 4 Mercado
91%
1 9 Benidorm
82%
1 2 3 4 MARQ - Castillo
81%
1 3 El Campello
75%
2 Hospital
68%
9 Altea
63%
9 Dènia
63%
1 3 4 5 Lucentum
61%
1 3 4 5 Sangueta
59%
1 3 4 5 Albufereta
55%
1 3 4 5 La isleta
54%
2 Universitat
54%
2 Virgen del remedio
49%
9 Calp
48%
2 Ciudad Jardín
48%
1 3 Campo de golf
45%
1 3 Costa blanca
45%
2 Garbinet
45%
4 5 Londres
45%
2 Sant Vicent del Raspeig
45%
1 3 Condomina
43%
2 La Goteta - Plaza mar 2
41%
5 Puerta del mar
41%
1 Terra Mítica
39%
9 Benidorm intermodal
38%
1 La Vila Joiosa
37%
4 5 Holanda
35%
1 3 Muchavista
35%
4 5 Sergio Cardell
34%
1 Poble Espanyol
33%
4 5 Tridente
33%
4 5 Miriam Blasco
32%
9 Teulada
32%
9 Benissa
30%
1 3 Carrabiners
29%
2 Maestro Alonso
29%
4 5 Cabo Huertas
28%
9 Gata
28%
1 3 Les llances
28%
1 Creueta
26%
1 Paradís
26%
1 Amerador
25%
1 Hospital Vila
25%
4 5 Instituto
25%
1 Venta lanuza
25%
4 5 Países Escandinavos
24%
9 El Albir
23%
1 3 Salesians
23%
1 3 Pla barraques
22%
1 Cala Finestrat
21%
1 Cala piteres
21%
4 5 Avenida Benidorm
19%
4 5 Avenida naciones
19%
9 Garganes
19%
2 Pintor Gastón Castellón
19%
9 La Xara
18%
4 5 Plaza de La Coruña
18%
9 L'Alfàs del Pi
15%
9 Cap negret
14%
1 Costera pastor
14%
9 Camí coves
13%
9 Olla de Altea
10%
9 Pedrera - Vessanes
9%
9 Alqueries
6%
2 Bulevar el Pla
6%
No se encontraron pruebas coincidentes
Distribución de puntuación
Porcentaje de gente con cada puntuación
Porcentaje por número respondido
Historial de tus puntuaciones
No has intentado esta prueba.